书目信息 |
| 题名: |
Code of electro-hydraulic regulating system and unit for hydraulic turbines
|
|
| 作者: | ||
| 分册: | ||
| 出版信息: | 北京 中国电力出版社 2019.12 |
|
| 页数: | 34页 | |
| 开本: | 30cm | |
| 丛书名: | ||
| 单 册: | ||
| 中图分类: | TK730.7-65 | |
| 科图分类: | ||
| 主题词: | 水轮机--shui lun ji--电液调节系统--技术规范--中国--英文 | |
| 电子资源: | ||
| ISBN: | 978-7-5198-4086-0 | |
| 000 | 01194nam0 2200277 450 | |
| 001 | 202020140920 | |
| 005 | 20200926181358.0 | |
| 010 | @a978-7-5198-4086-0@dCNY38.00 | |
| 094 | @aCN@bDL/T 563-2016 | |
| 100 | @a20200919d2019 em y0chiy50 ba | |
| 101 | 0 | @aeng |
| 102 | @aCN@b110000 | |
| 105 | @aak l 000yy | |
| 106 | @ar | |
| 200 | 1 | @aCode of electro-hydraulic regulating system and unit for hydraulic turbines@d= 水轮机电液调节系统及装置技术规程@zchi |
| 210 | @a北京@c中国电力出版社@d2019.12 | |
| 215 | @a34页@c图@d30cm | |
| 300 | @aRecord No.:53877-2016 Replace DL/T 563-2016 | |
| 300 | @aIssue Date: 2016-01-07 Implementation Date: 2016-06-01 Issued by National energy administration | |
| 304 | @a本书无题名页, 200字段取自封面 | |
| 330 | @a《DL/T 563-2016水轮机电液调节系统及装置技术规程 (英文版) 》规定了水轮机电液调节系统及装置的基本参数、技术条件及试验验收、标志、包装、储运要求。本标准适用于接力器容量350N.m及以上的水轮机电液调节系统及装置。 | |
| 510 | 1 | @a水轮机电液调节系统及装置技术规程@zchi |
| 606 | 0 | @a水轮机@Ashui lun ji@x电液调节系统@x技术规范@y中国@x英文 |
| 690 | @aTK730.7-65@v5 | |
| 801 | 0 | @aCN@c20200429 |
| 905 | @a河南城建学院图书馆@dTK730.7-65@eH695 | |
| Code of electro-hydraulic regulating system and unit for hydraulic turbines= 水轮机电液调节系统及装置技术规程.-北京:中国电力出版社,2019.12 |
| 34页:图;30cm |
| Record No.:53877-2016 Replace DL/T 563-2016.-Issue Date: 2016-01-07 Implementation Date: 2016-06-01 Issued by National energy administration |
| ISBN 978-7-5198-4086-0:CNY38.00 |
| 《DL/T 563-2016水轮机电液调节系统及装置技术规程 (英文版) 》规定了水轮机电液调节系统及装置的基本参数、技术条件及试验验收、标志、包装、储运要求。本标准适用于接力器容量350N.m及以上的水轮机电液调节系统及装置。 |
| ● |
| 相关链接 |
|
|
|
正题名:Code of electro-hydraulic regulating sys
索取号:TK730.7-65/H695
 
预约/预借
| 序号 | 登录号 | 条形码 | 馆藏地/架位号 | 状态 | 备注 |
| 1 | 1491086 | 214910863 | 自科库501/501自科库 136排8列3层/ [索取号:TK730.7-65/H695] | 在馆 |